LEADER 01031nas 2200373 c 450 001 9910891383903321 005 20260218113043.0 011 $a2253-9921 035 $a(CKB)2560000000235553 035 $a(DE-101)1048229459 035 $a(DE-599)ZDB2760742-2 035 $a(DE-599)2760742-2 035 $a(EXLCZ)992560000000235553 100 $a20140307a19929999 |y | 101 0 $aspa 135 $aur||||||||||| 181 $ctxt$2rdacontent 182 $cc$2rdamedia 183 $acr$2rdacarrier 200 00$aRevista Espan?ola de Antropologi?a Fi?sica$eREAF$fSociedad Espan?ola de Antropologi?a Fi?sica (SEAF) 210 31$aMadrid$d1992- 215 $aOnline-Ressource 300 $aGesehen am 07.03.14 311 08$a1887-2042 517 $aREAF 608 $aZeitschrift$2gnd-content 676 $a570 801 0$b0355 801 1$bDE-101 801 2$b9999 906 $aJOURNAL 912 $a9910891383903321 996 $aRevista Espan?ola de Antropologi?a Fi?sica$94268742 997 $aUNINA